Análisis didáctico de los problemas involucrados en un juego de dados (Record no. 62406)

MARC details
000 -CABECERA
campo de control de longitud fija 00636nam a2200229 a 4500
005 - FECHA Y HORA DE LA ÚLTIMA TRANSACCIÓN
campo de control 20210219152850.0
008 - ELEMENTOS DE LONGITUD FIJA--INFORMACIÓN GENERAL
campo de control de longitud fija 991125n 000 0 spa u
035 ## - NÚMERO DE CONTROL DEL SISTEMA
Número de control de sistema UPN01000064053
100 1# - ASIENTO PRINCIPAL--NOMBRE PERSONAL
Nombre de persona Broitman, Claudia
222 #0 - TÍTULO CLAVE
Título clave EDUCACION EN LOS PRIMEROS AÑOS
245 00 - MENCIÓN DE TÍTULO
Título Análisis didáctico de los problemas involucrados en un juego de dados
260 ## - PUBLICACIÓN, DISTRIBUCIÓN, ETC.
Lugar de publicación, distribución, etc. Buenos Aires, Argentina
300 ## - DESCRIPCIÓN FÍSICA
Extensión 20-41
362 0# - FECHAS DE PUBLICACIÓN Y/O DESIGNACIÓN SECUENCIAL
Fecha de publicación y/o designación secuencial 1998 Año 1, no. 2, jul.
653 0# - TERMINO DE INDIZACION - NO CONTROLADO
Término no controlado EDUCACION INICIAL
653 0# - TERMINO DE INDIZACION - NO CONTROLADO
Término no controlado ENSEÑANZA
653 0# - TERMINO DE INDIZACION - NO CONTROLADO
Término no controlado JARDIN DE NIÑOS
653 0# - TERMINO DE INDIZACION - NO CONTROLADO
Término no controlado JUEGO
653 0# - TERMINO DE INDIZACION - NO CONTROLADO
Término no controlado MATEMATICA
904 ## - ELEMENTOS DE DATOS D LOCAL, LDD (RLIN)
a AC
b 001864
905 ## - TIPO DE MATERIAL
Tipo de material Articulo

No items available.